| 000 | 00335nam a2200145Ia 4500 | ||
|---|---|---|---|
| 008 | 230312s9999||||xx |||||||||||||| ||und|| | ||
| 020 | _a0750645822 | ||
| 082 |
_a501 _bHOL-B |
||
| 100 | _aHoldsworth, Brian | ||
| 245 | 0 | _aDigital Logic Design | |
| 260 |
_bNewnes _aIndia _c1982 |
||
| 546 | _aEng. | ||
| 650 | _aEngineering | ||
| 942 | _cBK | ||
| 999 |
_c6194 _d6194 |
||